Yeats - The Second Coming - Statistics

General Stats
  • This quiz has been taken 11 times
  • The average score is 27 of 164
Answer Stats
Answer % Correct
and
100%
cannot
100%
falcon
100%
falconer;
100%
gyre
100%
hear
100%
in
100%
the
100%
the
100%
the
100%
Turning
100%
turning
100%
widening
100%
anarchy
50%
and
50%
apart;
50%
blood-dimmed
50%
cannot
50%
center
50%
ceremony
50%
drowned;
50%
everywhere
50%
fall
50%
hold;
50%
innocence
50%
is
50%
is
50%
is
50%
loosed
50%
loosed,
50%
Mere
50%
of
50%
the
50%
the
50%
The
50%
The
50%
The
50%
Things
50%
tide
50%
upon
50%
world,
50%
a
0%
A
0%
a
0%
A
0%
a
0%
about
0%
again;
0%
all
0%
all
0%
and
0%
and
0%
And
0%
Are
0%
are
0%
as
0%
at
0%
at
0%
at
0%
be
0%
beast,
0%
best
0%
Bethlehem
0%
birds.
0%
blank
0%
body
0%
born?
0%
but
0%
by
0%
centuries
0%
come
0%
Coming
0%
Coming!
0%
conviction,
0%
cradle.
0%
darkness
0%
desert,
0%
desert
0%
drops
0%
full
0%
gaze
0%
hand;
0%
hand.
0%
Hardly
0%
head
0%
hour
0%
I
0%
image
0%
in
0%
indignant
0%
intensity.
0%
is
0%
is
0%
Is
0%
it
0%
its
0%
its
0%
know
0%
lack
0%
last,
0%
lion
0%
man,
0%
moving
0%
Mundi
0%
my
0%
nightmare
0%
now
0%
of
0%
of
0%
of
0%
of
0%
of
0%
of
0%
out
0%
out
0%
passionate
0%
pitiless
0%
Reel
0%
revelation
0%
rocking
0%
rough
0%
round
0%
sands
0%
Second
0%
Second
0%
shadows
0%
shape
0%
sight:
0%
sleep
0%
Slouches
0%
slow
0%
some
0%
somewhere
0%
Spiritus
0%
stony
0%
sun,
0%
Surely
0%
Surely
0%
That
0%
the
0%
the
0%
The
0%
the
0%
the
0%
the
0%
the
0%
The
0%
thighs,
0%
those
0%
to
0%
to
0%
towards
0%
Troubles
0%
twenty
0%
vast
0%
vexed
0%
Were
0%
what
0%
When
0%
while
0%
while
0%
with
0%
words
0%
worst
0%
No matching quizzes found
Score Distribution
Percent of People with Each Score
Percentile by Number Answered
Your Score History
You have not taken this quiz